000 00682nam a2200217 i 4500
999 _c110274
_d110274
001 C2-0307526
003 PPAK
005 20190626120328.0
008 110228s2008 my a|||| ||||| | may d
040 _aPPAK
_beng
_cPPAK
_erda
082 0 4 _a363.349
_223
090 0 0 _a363.349
_bGAM
_dKK
245 0 0 _aGambaran peristiwa malapetaka ombak besar 'Tsunami' pada tanggal 26.12.2004 di Daerah Kuala Muda, Kedah Darul Aman
264 1 _aKedah :
_bPejabat Daerah Kuala Muda ,
_c2008
300 _a71 pages :
_bcolour illustrations ;
_c30 cm
336 _2rdacontent
_atext
337 _2rdamedia
_aunmediated
338 _2rdacarrier
_avolume
650 1 0 _aTsunamis
942 _cB
_2ddc